| 000 | 00766cam a2200253 4500 | ||
|---|---|---|---|
| 001 | M1935 | ||
| 008 | 090401t1995 xxu||||| |||| 00| 0 eng d | ||
| 035 | _a(Sirsi) u35392 | ||
| 041 | _aeng | ||
| 050 | _a333.33072 | ||
| 090 | _aRICS 1995/72A | ||
| 110 |
_aRoyal Institution of Chartered Surveyors _94900 |
||
| 245 | _aCPD branch contact list, July 1995. | ||
| 260 |
_aLondon _bRICS _c1995 |
||
| 300 | _a51p. ; 30cm. | ||
| 350 | _a0 | ||
| 520 | _aProduced by the RICS in partnership with the Society of Surveying Technicians. | ||
| 650 | _aCONTINUING PROFESSIONAL DEVELOPMENT | ||
| 650 | _aCPD | ||
| 690 | _aMANAGEMENT-BUSINESS MANAGEMENT-PROFESSIONAL PRACTICE | ||
| 710 |
_aSociety of Surveying Technicians _93045 |
||
| 942 | _n0 | ||
| 948 | _c04/03/1997 | ||
| 999 |
_c90101 _d90101 |
||